| 000 | 00857nam a2200193Ia 4500 | ||
|---|---|---|---|
| 003 | IN-BaIIA | ||
| 008 | 211028s9999 xx 000 0 eng d | ||
| 040 | _cIIA Library | ||
| 080 |
_a524.3-13(063) _bSTE |
||
| 111 |
_aJapan-China Workshop on Stellar Activities and Observational Technique _n2nd _cKyoto, Japan _d1986 Mar. 17-20 _915323 |
||
| 245 | 0 |
_aStellar activities and observational techniques _bproceedings of the second Japan-China workshop on stellar activities and observational technique, held in Kyoto, Japan, March 17-20, 1986 _cedited by K. Sadakane and A. Yamasaki |
|
| 260 |
_aKyoto _bUniversity of Kyoto _c1986 |
||
| 300 | _aviii, 238p. | ||
| 650 |
_aAstronomy-Observations _910189 |
||
| 650 | _aStars | ||
| 700 |
_aSadakane, K., ed. _915324 |
||
| 700 |
_aYamasaki, A., ed. _915325 |
||
| 942 | _cBK | ||
| 999 |
_c9127 _d9127 |
||